| 000 | 00778nam a2200229 i 4500 | ||
|---|---|---|---|
| 001 | 172496 | ||
| 003 | ES-MaACL | ||
| 005 | 20230906214932.0 | ||
| 008 | 090713s1980 sp |||| | spa d | ||
| 017 | _aM 10251-1980 | ||
| 020 | _a84-300-2316-X | ||
| 080 | _a347.9(460)(083.2) | ||
| 080 | _a343.1(460)(083.2) | ||
| 100 | 1 |
_aMartín González, Fernando. _9141039 |
|
| 245 | 1 | 0 |
_aProcedimientos civiles y penales _b: formularios de Juzgados de 1ª Instancia e Instrucción / _cFernando Martín González. |
| 250 | _a1ª ed. | ||
| 260 |
_aJaén : _bHesperia, _c1980. |
||
| 300 |
_a446 p. ; _c21 cm. |
||
| 650 | 4 |
_aProcedimiento civil- _zEspaña- _vFormularios. _916421 |
|
| 650 | 0 | 4 |
_aProcedimiento penal- _zEspaña- _vFormularios. _916430 |
| 852 | 1 |
_aBA _jE-12813 _9R.143565 |
|
| 999 |
_c172496 _d172496 |
||